K zásadám soustavy územního plánování.
Diskusný príspevok k problematike preberania zahraničných sústav územného plánovania v čs. praxi. Požiadavky na vytvorenie podmienok pre integráciu a postupné zjednocovanie s európskymi predpismi. Základné zásady rozvoja územných celkov v západných krajinách - princíp jednotnosti plánovania, princíp...
Gespeichert in:
| 1. Verfasser: | |
|---|---|
| Format: | Buchkapitel |
| Sprache: | Tschechisch |
| Schlagworte: | |
| Tags: |
Keine Tags, Fügen Sie das erste Tag hinzu!
|
MARC
| LEADER | 00000naa a2200000 4500 | ||
|---|---|---|---|
| 001 | r008229 | ||
| 005 | 20220831085459.9 | ||
| 041 | 0 | |a cze | |
| 044 | |a [CS] | ||
| 245 | 1 | 0 | |a K zásadám soustavy územního plánování. |c Z. Přikryl |
| 520 | |a Diskusný príspevok k problematike preberania zahraničných sústav územného plánovania v čs. praxi. Požiadavky na vytvorenie podmienok pre integráciu a postupné zjednocovanie s európskymi predpismi. Základné zásady rozvoja územných celkov v západných krajinách - princíp jednotnosti plánovania, princíp regulácie a princíp koncepčnosti. | ||
| 610 | 2 | 0 | |a plánovanie územné |
| 610 | 2 | 0 | |a rozvoj regionálny |
| 610 | 2 | 0 | |a ČSFR |
| 610 | 2 | 0 | |a západná Európa |
| 610 | 2 | 0 | |a predpisy |
| 100 | 1 | |a Přikryl, Z. | |